=LDR 00000nam 2200000 4500 =001 INLIS000000000011488 =005 20130612103039 =008 ***********************************Ind** =035 ##$$0010-061300000011488 =041 ##$$a Ind =082 ##$$a 320.07 =090 ##$$a 320.07, Rah e =100 ##$$a Rahardja, Prathama =245 ##$$a Ekonomi kurikulum 1994 untuk kelas 3 SMU, Prathama Rahadja =260 ##$$a 1997 $b Klaten =300 ##$$a vi,230 hlm., ilus, 28 cm =650 ##$$a Ekonomi =850 ##$$a NBPNMAT =990 ##$$a 93.665/Pb.96 =990 ##$$a 00034337 =990 ##$$a 00034338 =990 ##$$a 00034339 =990 ##$$a 00042469 =990 ##$$a 00042469 =990 ##$$a 00034337 =990 ##$$a 00034338 =990 ##$$a 00034339 =990 ##$$a 93.665/Pb.96 =990 ##$$a 00034339 =990 ##$$a 00034337 =990 ##$$a 00034338 =990 ##$$a 00042469 =990 ##$$a 93.665/Pb.96